Histology : a text and atlas : with correlated cell and molecular biology (Record no. 30817)

MARC details
000 -LEADER
fixed length control field 00564nam a2200193Ia 4500
020 ## - INTERNATIONAL STANDARD BOOK NUMBER
ISBN 9781451101508
050 ## - CALL MARK
Classification number QM 551 .R67/
100 ## - STATEMENT OF RESPONSIBILITY--MAIN AUTHOR NAME
Personal name Ross, Michael H.
245 #0 - TITLE STATEMENT
Title Histology : a text and atlas : with correlated cell and molecular biology
250 ## - EDITION / VOLUME STATEMENT
Edition / Volume statement 6th ed.
260 ## - PUBLICATION, DISTRIBUTION, ETC. (IMPRINT)
Place of publication Philadelphia
260 ## - PUBLICATION, DISTRIBUTION, ETC. (IMPRINT)
Name of publisher Wolters Kluwer/Lippincott Williams & Wilkins Health
260 ## - PUBLICATION, DISTRIBUTION, ETC. (IMPRINT)
Year of publication 2011
300 ## - PHYSICAL DESCRIPTION
Number of Pages 974 p
650 ## - SUBJECT ADDED ENTRY--TOPICAL TERM
Topical Term Histology Histology_Atlases Histology_Atlases
942 ## - ADDED ENTRY ELEMENTS (KOHA)
Koha item type Books
Holdings
Withdrawn status Lost status Source of classification or shelving scheme Damaged status Not for loan Permanent Location Current Location Date acquired Accession Number Price effective from Koha item type
    Library of Congress Classification     NILE UNIVERSITY OF NIGERIA - MAIN LIBRARY NILE UNIVERSITY OF NIGERIA - MAIN LIBRARY 04/23/2025 0005352 04/23/2025 Books